Curling - Najlepsze Kraje na IO w XXI wieku - Statystyki

Ogólne statystyki
  • Ten quiz został rozwiązany 19 razy
  • Średni wynik to 9 z 10
Statystyki odpowiedzi
🥇 🥈 🥉 Kraj % Poprawnych
6x 2x 4x Kanada
100%
1x 1x 1x Stany Zjednoczone
100%
1x - 1x Włochy
100%
6x 2x 3x Szwecja
95%
1x 2x 1x Norwegia
89%
- 4x 4x Szwajcaria
89%
2x 3x 1x Wielka Brytania
89%
- 1x - Korea Południowa
84%
- 1x - Finlandia
79%
- 1x 1x Japonia
74%
Nie znaleziono quizów pasujących do podanych kryteriów
Rozkład punktacji
Procent ludzi z każdym wynikiem
Percentyl według liczby udzielonych odpowiedzi
Twoja historia wyników
Nie rozwiązałeś tego quizu